Địa lý các châu lục : Những vấn đề địa lý toàn cầu, châu phi, châu âu và châu mỹ

Nội dung tài liệu được trình bày thành 8 chương. Chương 1: Một số vấn đề địa lý toàn cầu. Chường 2: Châu Phi. Chương 3: Châu Âu. Chương 4: Châu Mỹ. Chương 5: Châu Nam Cực. Chương 6: Châu Đại Dương. Chương 7: Châu Á. Chương 8: Phương pháp gi...

Descripció completa

Guardat en:
Dades bibliogràfiques
Autor principal: Nguyễn, Phi Hạnh
Format: Llibre
Idioma:Undetermined
Publicat: Hà Nội Đại học Sư phạm Hà Nội 2007
Matèries:
Etiquetes: Afegir etiqueta
Sense etiquetes, Sigues el primer a etiquetar aquest registre!
Thư viện lưu trữ: Trung tâm Học liệu Trường Đại học Cần Thơ
LEADER 01115nam a2200217Ia 4500
001 CTU_120348
008 210402s9999 xx 000 0 und d
020 |c 45000 
082 |a 910 
082 |b H107/T.1 
100 |a Nguyễn, Phi Hạnh 
245 0 |a Địa lý các châu lục : 
245 0 |b Những vấn đề địa lý toàn cầu, châu phi, châu âu và châu mỹ 
245 0 |c Nguyễn Phi Hạnh (chủ biên), Ông Thị Đan Thanh, Nguyễn Đình Giang 
260 |a Hà Nội 
260 |b Đại học Sư phạm Hà Nội 
260 |c 2007 
520 |a Nội dung tài liệu được trình bày thành 8 chương. Chương 1: Một số vấn đề địa lý toàn cầu. Chường 2: Châu Phi. Chương 3: Châu Âu. Chương 4: Châu Mỹ. Chương 5: Châu Nam Cực. Chương 6: Châu Đại Dương. Chương 7: Châu Á. Chương 8: Phương pháp giảng dạy bộ môn. 
650 |a Geography 
904 |i Hiếu 
980 |a Trung tâm Học liệu Trường Đại học Cần Thơ